000
00318nam a2200121Ia 4500
008
191201s2004 xx 000 0 und d
100
_a
RELI, Surendar Kumar
245
0
_a
Natik Shiksha Avm Vahyvaar Kushalta
260
_a
N. Delhi
_b
Arya Vidya Prishad
_c
2004
300
_a
463
650
_a
General Books
942
_2
ddc
_c
BK
999
_c
711
_d
711